[Event "Challenge"]
[Site "http://www.queenalice.com/game.php?id=893644"]
[Date "2011.1.31"]
[Round "-"]
[White "Matheusjos10"]
[Black "Observer"]
[Result "1-0"]
[WhiteElo "1060"]
[BlackElo "1100"]

1. e4 e6 2. Nc3 d5 3. Qe2 Nf6 4. Nf3 Nc6 5. Qb5 Bd7 6. Qxb7 Na5 7. Qa6 Ba4 8.
Nxa4 Be7 9. Qxa5 Nxe4 10. d3 Nf6 11. Bf4 Rb8 12. Qxa7 O-O 13. Bxc7 Bb4+ 14. c3
Be7 15. Bxd8 Bxd8 16. Qxb8 h5 17. c4 Ng4 18. O-O-O Kh7 19. b4 Nxf2 20. Rg1 g5
21. Nxg5+ Kg6 22. Nf3 Kf5 23. Qg3 Bf6 24. Qxf2 Rb8 25. Qa7 Rxb4 26. Nb6 Bb2+ 27.
Kb1 e5 28. Qxf7+ Kg4 29. Nxd5 Rb8 30. Qe6# 1-0

[Event "Challenge"]
[Site "http://www.queenalice.com/game.php?id=893800"]
[Date "2011.1.31"]
[Round "-"]
[White "Damo"]
[Black "Observer"]
[Result "1-0"]
[WhiteElo "1242"]
[BlackElo "978"]

1. Nf3 d5 2. e3 Nc6 3. Bb5 Bd7 4. Qe2 e5 5. Nc3 Nf6 6. a4 Bc5 7. d4 a6 8. Bd3
Be6 9. dxc5 O-O 10. e4 Nb4 11. exd5 Bg4 12. h3 Qe7 13. hxg4 Rae8 14. g5 e4 15.
Nxe4 Nxe4 16. O-O f5 17. Bc4 b5 18. d6+ Qf7 19. Bxf7+ Rxf7 20. axb5 axb5 21.
Qxb5 Rff8 22. Qxb4 Nxg5 23. Bxg5 Re2 24. Qc4+ Rf7 25. Ra8+ 1-0

[Event "Challenge"]
[Site "http://www.queenalice.com/game.php?id=894011"]
[Date "2011.1.31"]
[Round "-"]
[White "ironvitor"]
[Black "Observer"]
[Result "0-1"]
[WhiteElo "1337"]
[BlackElo "961"]

1. a4 e5 2. Nf3 Bd6 3. b3 Nc6 4. e3 Nf6 5. Be2 Bc5 6. O-O d5 7. Na3 Qd6 8. Nb5
Qe6 9. Nxc7+ Kf8 10. Nxe6+ Bxe6 11. Ng5 Ke8 12. Nxe6 fxe6 13. Rb1 Rd8 14. Bf3 h5
15. c3 e4 16. Be2 Kd7 17. b4 Bd6 18. b5 Bxh2+ 19. Kxh2 h4 0-1

[Event "Challenge"]
[Site "http://www.queenalice.com/game.php?id=894023"]
[Date "2011.2.1"]
[Round "-"]
[White "robby"]
[Black "Observer"]
[Result "1-0"]
[WhiteElo "1113"]
[BlackElo "1039"]

1. e4 e5 2. d3 d5 3. Nf3 Qd6 4. Nc3 Nc6 5. exd5 Na5 6. Be3 Nf6 7. Nb5 Be7 8.
Nxd6+ Bxd6 9. Qd2 b6 10. Be2 Bf5 11. O-O O-O 12. d4 Rfe8 13. Bb5 c6 14. Ba4 Nxd5
15. Bg5 b5 16. Bb3 h6 17. Bh4 g6 18. Bxd5 Kg7 19. b4 Nb7 20. Bxc6 Bxb4 21. Qxb4
Bxc2 22. Bxb7 exd4 23. Nxd4 Rad8 24. Nxc2 Rb8 25. Nd4 Rbd8 26. Bxd8 h5 27. Bc7
a5 28. Qxb5 Re6 29. Nxe6+ fxe6 30. Qxa5 1-0

[Event "Challenge"]
[Site "http://www.queenalice.com/game.php?id=902256"]
[Date "2011.2.18"]
[Round "-"]
[White "Matheusjos10"]
[Black "Observer"]
[Result "1-0"]
[WhiteElo "1103"]
[BlackElo "1009"]

1. e4 e5 2. Qh5 Qf6 3. Nc3 g6 4. Qh3 Qd8 5. Nf3 f6 6. Bb5 b6 7. O-O Bb7 8. Re1
Ne7 9. Re3 c6 10. Bc4 d5 11. Rd3 b5 12. Bb3 a5 13. a4 h5 14. exd5 cxd5 15. axb5
Bg7 16. Ba4 O-O 17. Bb3 Nd7 18. Qe6+ Kh8 19. Nh4 Qe8 20. Nxd5 Qf7 21. Qxd7 Nxd5
22. Qd6 Rad8 23. Qc5 Ne7 24. Bxf7 Rxf7 25. Rxd8+ Ng8 26. Nxg6+ Kh7 27. Nh4 f5
28. Rxa5 Bf6 29. Nxf5 Kg6 30. Nd6 Bxg2 31. Rxg8+ Rg7 32. Rh8 Be7 33. Kxg2 Kg5
34. Qxe5+ 1-0

[Event "Challenge"]
[Site "http://www.queenalice.com/game.php?id=903126"]
[Date "2011.2.20"]
[Round "-"]
[White "almiradm87"]
[Black "Observer"]
[Result "1-0"]
[WhiteElo "1514"]
[BlackElo "961"]

1. d4 d5 2. c4 dxc4 3. Nc3 c6 4. Nf3 b5 5. a4 a5 6. axb5 Bd7 7. bxc6 Bc8 8. e4
Nxc6 9. d5 Nb4 10. Bxc4 Rb8 11. Bf4 Rb7 12. O-O Nf6 13. Qa4+ Nd7 14. Qxa5 Qb6
15. Qxb6 Rxb6 16. Ra8 Kd8 17. Rc1 Na2 18. Nxa2 Rxb2 19. Ba6 Nb8 20. Rxc8+ Kd7
21. Ra7+ 1-0

[Event "Challenge"]
[Site "http://www.queenalice.com/game.php?id=903139"]
[Date "2011.2.20"]
[Round "-"]
[White "Observer"]
[Black "Piotr70"]
[Result "0-1"]
[WhiteElo "1012"]
[BlackElo "1175"]

1. Nf3 d5 2. g3 Nf6 3. Bh3 Bxh3 4. Nc3 e6 5. Rg1 Bd6 6. Rb1 Nc6 7. d3 d4 8. Nb5
O-O 9. Nfxd4 Nb4 10. a4 Bc5 11. c3 Nbd5 12. g4 Bxg4 13. Bg5 h6 14. Bd2 a6 0-1

[Event "Challenge"]
[Site "http://www.queenalice.com/game.php?id=920413"]
[Date "2011.4.1"]
[Round "-"]
[White "estella"]
[Black "Observer"]
[Result "0-1"]
[WhiteElo "1524"]
[BlackElo "955"]

1. e4 Nf6 2. Nc3 g6 3. d3 Bg7 4. Nf3 e5 5. Nxe5 O-O 6. Be2 d6 7. Nc4 Ne8 8. Be3
Nc6 9. O-O Nf6 10. Bg5 a5 11. Nd2 a4 12. Bg4 Ra5 13. Bxc8 Rxg5 14. Bxb7 Qd7 15.
Nxa4 Re8 16. f4 Ra5 17. c4 Nd4 18. f5 Rxa4 19. fxg6 fxg6 20. Qxa4 Qxa4 21. b3
Qa7 22. Bd5+ Kh8 23. Rae1 Nf3+ 24. Kh1 Nxd2 25. Rf2 Qxf2 26. h4 Nf3 27. Rc1 Ng4
28. Bc6 Qf1+ 29. Rxf1 Rf8 30. gxf3 Ne5 31. d4 Nxc6 32. Kg1 Nxd4 33. f4 Re8 34.
Re1 Nf3+ 35. Kf2 Nxh4 36. Kg3 Bf6 37. Kg4 Ng2 38. Rg1 Ne3+ 39. Kf3 Bd4 40. a4 c6
41. b4 Nxc4 42. a5 Bxg1 43. a6 Ra8 44. Kg2 Rxa6 45. Kxg1 Rb6 46. Kg2 Rxb4 47.
Kg3 Ne3 48. e5 Rd4 49. e6 Nf5+ 50. Kg4 h5+ 51. Kg5 Kh7 52. Kf6 Kg8 53. Kxg6 Rxf4
54. Kxh5 Re4 55. Kg5 Ng3 56. Kf6 Nh5+ 57. Kf5 d5 58. Kg5 Rxe6 59. Kxh5 Kg7 0-1

[Event "Challenge"]
[Site "http://www.queenalice.com/game.php?id=922907"]
[Date "2011.4.7"]
[Round "-"]
[White "Observer"]
[Black "ElvisCarvalho"]
[Result "0-1"]
[WhiteElo "984"]
[BlackElo "1008"]

1. Nc3 e6 2. Nf3 d5 3. g3 c6 4. Bg2 Be7 5. O-O Nf6 6. b3 Na6 7. d4 h5 8. e4 dxe4
9. Ne5 Bd6 10. Bf4 Qb6 11. Rb1 O-O 12. Qe1 Qxd4 13. Qe3 Qb4 14. Qd2 Ng4 15. Kh1
f6 16. Ng6 Rd8 17. Bxd6 Rxd6 18. Ne7+ Kf7 19. Nxc8 Rxd2 20. Rbd1 Rxc2 21. Nd6+
Ke7 22. a3 Qxc3 23. Bxe4 Ra2 24. f3 Ne3 25. Nb5 Rb8 26. Nxc3 Rxa3 27. Ra1 Rxb3
28. Ne2 f5 29. Bb1 Nxf1 30. Ba2 Ra3 31. Bxe6 Rxa1 32. Bxf5 Nxg3+ 33. Kg2 Nxf5
34. Kh3 Rd8 0-1

[Event "Epictetus"]
[Site "http://www.queenalice.com/game.php?id=930406"]
[Date "2011.4.26"]
[Round "-"]
[White "Observer"]
[Black "HerbertFSilva"]
[Result "0-1"]
[WhiteElo "955"]
[BlackElo "1500"]

1. f4 e6 2. e3 b5 3. b3 Qh4+ 4. Ke2 Ba6 5. c4 Qg4+ 6. Nf3 Bb7 7. Kf2 Bxf3 8.
gxf3 Qh4+ 9. Ke2 Nf6 10. Rg1 bxc4 11. Bg2 Ng4 12. Nc3 Qf2# 0-1

[Event "Challenge"]
[Site "http://www.queenalice.com/game.php?id=943113"]
[Date "2011.5.27"]
[Round "-"]
[White "estella"]
[Black "Observer"]
[Result "1-0"]
[WhiteElo "1524"]
[BlackElo "955"]

1. e4 Nf6 2. Nc3 d6 3. d4 Nc6 4. Nf3 g6 5. Nd5 Nxd5 6. exd5 e5 7. dxc6 e4 8. Nd2
bxc6 9. Nxe4 Bg7 10. Be3 Bf8 11. Bg5 Bf5 12. Bxd8 Bxe4 13. Bxc7 Rc8 14. Bxd6
Bxd6 15. Bd3 Bxg2 16. Rg1 Bd5 17. c4 Be6 18. c5 Bf4 19. b3 Rd8 20. Be4 O-O 21.
Bxc6 f6 22. h4 h5 23. a4 Bg4 24. Qd3 Kh7 25. f3 Be5 26. fxg4 Rxd4 27. Rd1 Rfd8
28. Ke2 hxg4 29. Rxg4 Rxd3 30. Rxd3 Rg8 31. Bd5 Rg7 32. c6 g5 33. hxg5 fxg5 34.
Re3 Re7 35. Rxg5 Rg7 36. Rgxe5 1-0

[Event "Challenge"]
[Site "http://www.queenalice.com/game.php?id=953412"]
[Date "2011.6.24"]
[Round "-"]
[White "moira"]
[Black "Observer"]
[Result "0-1"]
[WhiteElo "1380"]
[BlackElo "955"]

1. e4 Nf6 2. Nc3 Nc6 3. Nf3 g6 4. d4 e6 5. Ne5 Nxd4 6. Qxd4 d5 7. Bb5+ Ke7 8.
Qc5+ Qd6 9. Qd4 c5 10. Qd3 Bg7 11. Bd7 c4 12. Bxc8 cxd3 13. cxd3 Raxc8 14. Nb5
Qxe5 15. Nxa7 Rc5 16. b4 Qxa1 17. bxc5 Qxc1+ 18. Ke2 Qxh1 19. Nc8+ Rxc8 20. a4
Rxc5 21. exd5 Nxd5 22. d4 Bxd4 23. Kd3 Qd1+ 24. Ke4 f6 25. h4 f5# 0-1

[Event "Observer"]
[Site "http://www.queenalice.com/game.php?id=959097"]
[Date "2011.7.11"]
[Round "-"]
[White "saucissonsec"]
[Black "Observer"]
[Result "1/2-1/2"]
[WhiteElo "1470"]
[BlackElo "955"]

1. b3 e5 2. Bb2 Nc6 3. d4 Bb4+ 4. Bc3 exd4 5. a3 Bxc3+ 6. Nxc3 dxc3 7. e3 Nf6 8.
Bd3 O-O 9. Nf3 d5 10. Nh4 Re8 11. Nf5 Re5 12. O-O g6 13. Ng3 Rb8 14. Re1 h5 15.
e4 h4 16. f4 hxg3 17. hxg3 Bg4 18. Be2 Rxe4 19. Bxg4 Nxg4 20. Qxg4 Kf8 21. a4
Qe8 22. Kf1 Re3 23. Rad1 Qe7 24. f5 Re8 25. Kg1 Rxe1+ 26. Rxe1 1/2-1/2

[Event "Play Chess!"]
[Site "http://www.queenalice.com/game.php?id=959304"]
[Date "2011.7.12"]
[Round "-"]
[White "arthurgomes"]
[Black "Observer"]
[Result "1-0"]
[WhiteElo "1709"]
[BlackElo "955"]

1. e4 e6 2. d4 b6 3. c4 Bb4+ 4. Bd2 Bd6 5. e5 Be7 6. Nf3 a5 7. Nc3 Nc6 8. Nb5
Nh6 9. a4 Rg8 10. Be2 g5 11. Bd3 f5 12. exf6 Bxf6 13. Bxh7 g4 14. Bxg8 Nxg8 15.
Ne5 Nge7 16. Qxg4 Kf8 17. Bh6+ Ke8 18. Qh5+ Ng6 19. Qxg6+ Ke7 20. Qf7# 1-0

[Event "Vitoria"]
[Site "http://www.queenalice.com/game.php?id=964536"]
[Date "2011.7.25"]
[Round "-"]
[White "estella"]
[Black "Observer"]
[Result "1-0"]
[WhiteElo "1574"]
[BlackElo "972"]

1. e4 Nf6 2. Nc3 Nc6 3. d4 g6 4. e5 Nh5 5. d5 Na5 6. Nf3 b6 7. g4 Nf4 8. Bxf4
Bg7 9. Bb5 O-O 10. Qd2 d6 11. Qd3 Bxg4 12. b4 Nb7 13. Bc6 Bxf3 14. Qxf3 dxe5 15.
Bxe5 f6 16. Bxb7 fxe5 17. Qe3 1-0